[Event "4e Ouest Toulousain A"]
[Site "Tournefeuille"]
[Date "2009.02.16"]
[Round "1.1"]
[White "Fedorchuk, Sergey A"]
[Black "Barral, Adrien"]
[Result "1-0"]
[WhiteElo "2633"]
[BlackElo "1880"]
[PlyCount "43"]
[EventDate "2009.??.??"]

1. e4 d6 2. d4 Nf6 3. Nc3 e5 4. Nf3 Nbd7 5. Bc4 Be7 6. O-O O-O 7. Re1 c6 8. a4
b6 9. h3 Bb7 10. Ba2 a6 11. dxe5 dxe5 12. Nh4 Nxe4 13. Rxe4 Bxh4 14. Rxh4 Qxh4
15. Qxd7 Rab8 16. Qc7 Ba8 17. Be3 c5 18. Bxf7+ Kh8 19. Qxe5 Rb7 20. Qh5 Qf6 21.
Bd5 Re7 22. Bxa8 1-0

[Event "4e Ouest Toulousain A"]
[Site "Tournefeuille"]
[Date "2009.02.16"]
[Round "1.2"]
[White "Grimmer, Jonathan"]
[Black "Petrov, Marijan"]
[Result "0-1"]
[WhiteElo "1863"]
[BlackElo "2477"]
[PlyCount "68"]
[EventDate "2009.??.??"]

1. d4 g6 2. Nf3 Bg7 3. Nbd2 c5 4. c3 cxd4 5. cxd4 d5 6. e4 dxe4 7. Nxe4 Nf6 8.
Bb5+ Bd7 9. Nxf6+ Bxf6 10. Qa4 a6 11. Bxd7+ Qxd7 12. Qxd7+ Kxd7 13. Ne5+ Ke6
14. O-O Bxe5 15. dxe5 Nc6 16. Bd2 Rhd8 17. Bc3 Rd3 18. f4 Rad8 19. g4 b5 20.
f5+ gxf5 21. gxf5+ Kd5 22. a3 Nxe5 23. Rad1 Nf3+ 24. Kg2 Ke4 25. Rxd3 Rxd3 26.
Rf2 Nh4+ 27. Kf1 Rf3 28. Rxf3 Nxf3 29. Bb4 Nxh2+ 30. Ke2 Kxf5 31. Bxe7 Ke4 32.
b3 Ng4 33. a4 f5 34. axb5 axb5 0-1

[Event "4e Ouest Toulousain A"]
[Site "Tournefeuille"]
[Date "2009.02.16"]
[Round "1.3"]
[White "Drenchev, Petar"]
[Black "Brauckmann, Hartwich"]
[Result "1-0"]
[WhiteElo "2458"]
[BlackElo "1850"]
[PlyCount "55"]
[EventDate "2009.??.??"]

1. c4 Nf6 2. Nc3 e6 3. e4 d5 4. e5 d4 5. exf6 dxc3 6. bxc3 Qxf6 7. Nf3 c5 8.
Bd3 Bd7 9. Be4 Bc6 10. Qc2 Bxe4 11. Qxe4 Nc6 12. O-O Qg6 13. Qe2 Be7 14. d4
cxd4 15. cxd4 O-O-O 16. Be3 Bf6 17. Rfd1 Rd7 18. Rac1 Rhd8 19. d5 Ne7 20. Bxa7
e5 21. Nxe5 Bxe5 22. Qxe5 Nc6 23. Qe3 Nxa7 24. Qxa7 Rd6 25. Rb1 b6 26. Re1 f6
27. c5 Rxd5 28. Qa8+ 1-0

[Event "4e Ouest Toulousain A"]
[Site "Tournefeuille"]
[Date "2009.02.16"]
[Round "1.4"]
[White "Carivenc, Thierry"]
[Black "Fargere, Francois"]
[Result "0-1"]
[WhiteElo "1840"]
[BlackElo "2444"]
[PlyCount "66"]
[EventDate "2009.??.??"]

1. e4 c5 2. Na3 a6 3. c3 b5 4. Nf3 Bb7 5. d3 d6 6. g3 Nf6 7. Bg2 g6 8. O-O Bg7
9. Nc2 O-O 10. Bg5 h6 11. Bxf6 Bxf6 12. Ne3 Nd7 13. a4 b4 14. cxb4 cxb4 15. Qd2
Nc5 16. Ng4 Nb3 17. Qxh6 Nxa1 18. Rxa1 e5 19. h4 Bg7 20. Qd2 a5 21. Ne3 Rc8 22.
Nc4 Bxe4 23. Ncxe5 dxe5 24. dxe4 Qxd2 25. Nxd2 Rc2 26. Nb3 Bf6 27. Nxa5 Bd8 28.
Nb7 Bb6 29. a5 Bxf2+ 30. Kh2 Rxb2 31. a6 Ra8 32. Kh3 Rb3 33. Kh2 Bxg3+ 0-1

[Event "4e Ouest Toulousain A"]
[Site "Tournefeuille"]
[Date "2009.02.16"]
[Round "1.5"]
[White "Robin, Samy"]
[Black "Roques, Olivier"]
[Result "1-0"]
[WhiteElo "2369"]
[BlackElo "1838"]
[PlyCount "47"]
[EventDate "2009.??.??"]

1. e4 c5 2. Nf3 d6 3. d4 cxd4 4. Nxd4 Nf6 5. Nc3 a6 6. a4 b6 7. Bd3 Bb7 8. O-O
e6 9. f4 Nbd7 10. Nb3 Rc8 11. Qe2 Nb8 12. e5 dxe5 13. fxe5 Nfd7 14. Bf4 Bc5+
15. Kh1 Nc6 16. Ne4 Ncxe5 17. Bxe5 Nxe5 18. Nexc5 bxc5 19. Qxe5 c4 20. Na5 Bd5
21. Nxc4 Bxc4 22. Qf4 e5 23. Qxe5+ Be6 24. Qxg7 1-0

[Event "4e Ouest Toulousain A"]
[Site "Tournefeuille"]
[Date "2009.02.16"]
[Round "1.6"]
[White "Garrel, Pascal"]
[Black "Touzane, Olivier"]
[Result "0-1"]
[WhiteElo "1825"]
[BlackElo "2293"]
[PlyCount "90"]
[EventDate "2009.??.??"]

1. d4 Nf6 2. c4 g6 3. Nc3 Bg7 4. e4 O-O 5. Be3 d6 6. Qd2 Ng4 7. Bg5 f6 8. Bh4
e5 9. d5 Na6 10. Bd3 Nc5 11. Bc2 a5 12. Na4 b6 13. Ne2 h5 14. h3 Nh6 15. f3 Qe8
16. Nxc5 dxc5 17. Nc3 Nf7 18. Nb5 Qe7 19. O-O Bd7 20. Nxc7 Rac8 21. Nb5 Bh6 22.
Qc3 Bxb5 23. cxb5 Nd6 24. a4 Kf7 25. Rae1 Rh8 26. Bg3 g5 27. h4 Rcg8 28. hxg5
Rxg5 29. f4 Rxg3 30. Qxg3 exf4 31. Rxf4 Bxf4 32. Qxf4 Qe5 33. Qxe5 fxe5 34.
Rf1+ Ke7 35. b3 Rg8 36. Kf2 h4 37. Rh1 Rg4 38. Kf3 Rg3+ 39. Kf2 Rc3 40. Rc1
Nxe4+ 41. Ke2 Nf6 42. d6+ Kxd6 43. Rd1+ Ke6 44. Rd2 e4 45. Bd1 Nd5 0-1

[Event "4e Ouest Toulousain A"]
[Site "Tournefeuille"]
[Date "2009.02.16"]
[Round "1.7"]
[White "Briscoe, Chris"]
[Black "Gilles, Francois"]
[Result "1-0"]
[WhiteElo "2268"]
[BlackElo "1823"]
[PlyCount "75"]
[EventDate "2009.??.??"]

1. d4 d5 2. c4 c6 3. Nf3 Nf6 4. e3 e6 5. b3 Nbd7 6. Bd3 b6 7. Nbd2 Bd6 8. Bb2
Qc7 9. Rc1 Bb7 10. Qe2 O-O 11. O-O Rac8 12. a3 a5 13. g3 Ba8 14. Nh4 Qb7 15.
cxd5 cxd5 16. Ba6 Rxc1 17. Bxb7 Rxf1+ 18. Qxf1 Bxb7 19. Nhf3 Rc8 20. Qd3 Ne4
21. Nb1 f5 22. Ne1 Nb8 23. Qd1 Ba6 24. Nd3 Nd7 25. f3 Ng5 26. Kg2 h6 27. Qd2
Nh7 28. a4 Be7 29. Ba3 Bg5 30. Nc3 Bxe3 31. Qxe3 Rxc3 32. Qxe6+ Kh8 33. Qxd7
Nf6 34. Qd8+ Kh7 35. Ne5 Rc2+ 36. Kg1 Rd2 37. Qxb6 Rd1+ 38. Kf2 1-0

[Event "4e Ouest Toulousain A"]
[Site "Tournefeuille"]
[Date "2009.02.16"]
[Round "1.8"]
[White "Ranc, Florian"]
[Black "Peric, Slavisa"]
[Result "1/2-1/2"]
[WhiteElo "1811"]
[BlackElo "2264"]
[PlyCount "125"]
[EventDate "2009.??.??"]

1. b3 d5 2. e3 e5 3. Bb2 Nd7 4. d4 exd4 5. Bxd4 Ngf6 6. Nf3 c6 7. Bd3 Bb4+ 8.
Nbd2 O-O 9. O-O Re8 10. c4 Nc5 11. Bc2 Nce4 12. Nxe4 dxe4 13. Nd2 Bg4 14. Qc1
c5 15. Bxf6 Qxd2 16. Qxd2 Bxd2 17. Bd1 Bd7 18. Bh4 Bc3 19. Rc1 Be5 20. Bc2 Bc6
21. Rfd1 f5 22. Rd2 h6 23. Bg3 Bxg3 24. hxg3 Rad8 25. Rcd1 Rxd2 26. Rxd2 Kf7
27. Kf1 Kf6 28. Ke2 b5 29. f4 bxc4 30. bxc4 Rb8 31. Bd1 Ke7 32. Kf2 Rb4 33. Be2
a5 34. Ke1 a4 35. Kd1 Rb8 36. Kc1 a3 37. Rc2 Bd7 38. Rc3 Rb2 39. Rc2 Rb6 40.
Rc3 Rg6 41. Rxa3 Rxg3 42. Bf1 g5 43. fxg5 hxg5 44. Kd2 Be6 45. Rc3 Rg4 46. a4
Rh4 47. a5 Rh8 48. a6 Ra8 49. Ra3 Ra7 50. Ra5 Kd6 51. Ke1 f4 52. Kf2 Bc8 53.
exf4 gxf4 54. g3 fxg3+ 55. Kxg3 Rxa6 56. Rxa6+ Bxa6 57. Kf4 Bb7 58. Bg2 e3 59.
Bf1 Bg2 60. Be2 Kc6 61. Kxe3 Kb6 62. Kd2 Ka5 63. Kc3 1/2-1/2

[Event "4e Ouest Toulousain A"]
[Site "Tournefeuille"]
[Date "2009.02.16"]
[Round "1.9"]
[White "Sanchez, Nicolas"]
[Black "Delhom, Raoul"]
[Result "1-0"]
[WhiteElo "2255"]
[BlackElo "1792"]
[PlyCount "71"]
[EventDate "2009.??.??"]

1. d4 Nf6 2. c4 d6 3. Nc3 g6 4. e4 Bg7 5. Nf3 O-O 6. Be2 Nbd7 7. O-O e5 8. Qc2
c6 9. Rd1 Qc7 10. Rb1 a6 11. b3 b5 12. dxe5 dxe5 13. Ba3 Re8 14. Bd6 Qb6 15. b4
Bf8 16. a4 Bxd6 17. Rxd6 Qc7 18. Rbd1 Rb8 19. axb5 axb5 20. cxb5 cxb5 21. Qb3
Qb7 22. Ng5 Re7 23. Nd5 Nxd5 24. R1xd5 Qc7 25. Rd1 Rb6 26. Rxb6 Qxb6 27. Qc3
Bb7 28. Qd3 Bc6 29. Qd6 Re8 30. Rc1 Rc8 31. Rc3 h6 32. Nf3 Qa6 33. Bf1 Qb7 34.
Nd2 Qb6 35. Nb3 Qb7 36. Na5 1-0

[Event "4e Ouest Toulousain A"]
[Site "Tournefeuille"]
[Date "2009.02.16"]
[Round "1.10"]
[White "Berthelot, Nathan"]
[Black "Vilaisarn, Akkhavanh"]
[Result "0-1"]
[WhiteElo "1787"]
[BlackElo "2253"]
[PlyCount "90"]
[EventDate "2009.??.??"]

1. e4 e6 2. d4 d5 3. exd5 exd5 4. Bd3 Nc6 5. c3 Bd6 6. Nf3 Nge7 7. O-O Bg4 8.
Nbd2 Qd7 9. b4 O-O 10. Qc2 Bf5 11. Re1 Bxd3 12. Qxd3 Qf5 13. Qxf5 Nxf5 14. Nb3
Rfe8 15. Bd2 f6 16. Nc5 b6 17. Nd3 g5 18. g4 Ng7 19. Re3 h5 20. gxh5 Nxh5 21.
Rae1 Kf7 22. h4 g4 23. Nh2 Rxe3 24. Bxe3 Re8 25. Nf1 Ne7 26. Bd2 Nf5 27. Rxe8
Kxe8 28. Ne3 Nxh4 29. Be1 Nf3+ 30. Kf1 Nh2+ 31. Kg2 c6 32. b5 cxb5 33. Nxd5 Nf3
34. Ne3 Nf4+ 35. Nxf4 Bxf4 36. Kf1 Bxe3 37. fxe3 Nxe1 38. Kxe1 f5 39. Ke2 Kd7
40. a3 Ke6 41. Kd2 Kd5 42. Kd3 a5 43. Kd2 b4 44. axb4 axb4 45. cxb4 Kc4 0-1

[Event "4e Ouest Toulousain B"]
[Site "Tournefeuille"]
[Date "2009.02.16"]
[Round "1.1"]
[White "Garcia Del Prado, Bruno"]
[Black "Mouret, Arnaud"]
[Result "1-0"]
[WhiteElo "1680"]
[BlackElo "1560"]
[PlyCount "33"]
[EventDate "2009.??.??"]

1. e4 e5 2. Nf3 Nf6 3. Nxe5 Qe7 4. Nf3 Nxe4 5. Qe2 d5 6. d3 Nf6 7. Bg5 Be6 8.
Nd4 c5 9. Nxe6 fxe6 10. Nc3 d4 11. Ne4 Nc6 12. Qf3 Kf7 13. Be2 Nb4 14. O-O h6
15. Bxf6 gxf6 16. Qg3 Rg8 17. Bh5+ 1-0

[Event "4e Ouest Toulousain B"]
[Site "Tournefeuille"]
[Date "2009.02.16"]
[Round "1.6"]
[White "Lagarrigue, Remy"]
[Black "Richard, Michel"]
[Result "0-1"]
[WhiteElo "1430"]
[BlackElo "1590"]
[PlyCount "51"]
[EventDate "2009.??.??"]

1. d4 d5 2. c4 c6 3. e3 Nf6 4. Nc3 Bf5 5. Nf3 Nbd7 6. Bd2 e6 7. a3 a5 8. Qb3
Qc7 9. Be2 Bd6 10. c5 Be7 11. Nh4 Be4 12. f3 Bg6 13. Nxg6 hxg6 14. h3 Qg3+ 15.
Kf1 Nh5 16. Be1 Qc7 17. f4 Nxf4 18. exf4 Qxf4+ 19. Bf2 Bh4 20. Nd1 Bxf2 21.
Nxf2 Qxd4 22. Qxb7 Rb8 23. Qxc6 Qxb2 24. Rd1 Qxa3 25. Qc7 Qxc5 26. Qe5 0-1

[Event "4e Ouest Toulousain A"]
[Site "Tournefeuille"]
[Date "2009.02.17"]
[Round "2.1"]
[White "Iwanesko, Alexandre"]
[Black "Fedorchuk, Sergey A"]
[Result "0-1"]
[WhiteElo "2087"]
[BlackElo "2633"]
[PlyCount "46"]
[EventDate "2009.??.??"]

1. e4 c5 2. Nf3 e6 3. d4 cxd4 4. Nxd4 a6 5. f4 b5 6. Bd3 Bb7 7. Be3 Nf6 8. Nd2
d6 9. Qf3 Nbd7 10. O-O g6 11. h3 Bg7 12. Kh1 O-O 13. Rae1 Qc7 14. Bg1 Rae8 15.
Qg3 Nh5 16. Qf2 Bxd4 17. Qxd4 Ng3+ 18. Kh2 Nxf1+ 19. Bxf1 e5 20. Qe3 Qxc2 21.
f5 gxf5 22. Bd3 f4 23. Qf2 Qc8 0-1

[Event "4e Ouest Toulousain A"]
[Site "Tournefeuille"]
[Date "2009.02.17"]
[Round "2.2"]
[White "Petrov, Marijan"]
[Black "Cesbron, Guy"]
[Result "1-0"]
[WhiteElo "2477"]
[BlackElo "2106"]
[PlyCount "47"]
[EventDate "2009.??.??"]

1. e4 e6 2. d4 d5 3. e5 c5 4. c3 Nc6 5. Nf3 Nh6 6. Bd3 cxd4 7. cxd4 f6 8. O-O
Nf7 9. Re1 Be7 10. a3 O-O 11. b4 a6 12. Nbd2 fxe5 13. dxe5 Bd7 14. Nf1 Be8 15.
Ng3 Ng5 16. Nxg5 Bxg5 17. Qg4 Bxc1 18. Raxc1 Qe7 19. f4 Nd4 20. f5 Nxf5 21.
Bxf5 exf5 22. Nxf5 Rxf5 23. Qxf5 Bg6 24. Rc8+ 1-0

[Event "4e Ouest Toulousain A"]
[Site "Tournefeuille"]
[Date "2009.02.17"]
[Round "2.3"]
[White "Ouerk, Yanis"]
[Black "Drenchev, Petar"]
[Result "0-1"]
[WhiteElo "2021"]
[BlackElo "2458"]
[PlyCount "76"]
[EventDate "2009.??.??"]

1. e4 d5 2. exd5 Qxd5 3. Nc3 Qd6 4. d4 Nf6 5. Nf3 a6 6. h3 Nc6 7. Be3 Bf5 8.
Bd3 Bg6 9. Bxg6 hxg6 10. Qe2 e6 11. O-O-O O-O-O 12. g3 Be7 13. Ng5 Rhf8 14. a3
Nd5 15. Nce4 Qd7 16. Nf3 Nxe3 17. Qxe3 Qd5 18. Nc3 Qa5 19. Ne5 Nxe5 20. Qxe5
Qxe5 21. dxe5 g5 22. h4 gxh4 23. gxh4 Rh8 24. Rdg1 Bxh4 25. f4 g6 26. Ne4 Rd4
27. Rg4 Rxe4 28. Rhxh4 Rxh4 29. Rxh4 Kd7 30. Rg4 Kc6 31. Kd2 Kd5 32. Kd3 b5 33.
b3 c5 34. Kc3 a5 35. Kd2 a4 36. Kd3 axb3 37. cxb3 c4+ 38. bxc4+ Rxc4 0-1

[Event "4e Ouest Toulousain A"]
[Site "Tournefeuille"]
[Date "2009.02.17"]
[Round "2.4"]
[White "Fargere, Francois"]
[Black "Marie, Adrien"]
[Result "1-0"]
[WhiteElo "2444"]
[BlackElo "2067"]
[PlyCount "55"]
[EventDate "2009.??.??"]

1. e4 d5 2. exd5 Nf6 3. Nf3 Nxd5 4. c4 Nb6 5. d4 g6 6. Nc3 Bg7 7. Be2 O-O 8.
O-O c6 9. h3 Be6 10. c5 Nd5 11. Ng5 Nxc3 12. bxc3 Bf5 13. Bc4 h6 14. Nf3 Nd7
15. Re1 Nf6 16. Qb3 Be4 17. Ne5 e6 18. Qxb7 Qa5 19. Qb3 Rab8 20. Qa3 Qxa3 21.
Bxa3 Bd5 22. Bd3 Nh5 23. Nd7 Bxg2 24. Nxb8 Rxb8 25. Kxg2 Nf4+ 26. Kg3 Nxd3 27.
Red1 Nb2 28. Rdb1 1-0

[Event "4e Ouest Toulousain A"]
[Site "Tournefeuille"]
[Date "2009.02.17"]
[Round "2.5"]
[White "Thomas, Fabien"]
[Black "Robin, Samy"]
[Result "0-1"]
[WhiteElo "1984"]
[BlackElo "2369"]
[PlyCount "88"]
[EventDate "2009.??.??"]

1. e4 Nf6 2. Nc3 d5 3. exd5 Nxd5 4. Bc4 c6 5. Qf3 e6 6. Nge2 Nd7 7. d4 Qf6 8.
Qxf6 N7xf6 9. a3 b5 10. Nxd5 Nxd5 11. Bd3 Bd7 12. O-O c5 13. dxc5 Bxc5 14. b4
Be7 15. Bb2 O-O 16. Be4 Rac8 17. Rad1 Rfd8 18. c3 Nb6 19. Rd3 f5 20. Bf3 Nc4
21. Bc1 Ne5 22. Re3 Bf6 23. Re1 Nxf3+ 24. Rxf3 Bc6 25. Rg3 e5 26. Bg5 Kf7 27.
Nc1 f4 28. Bxf6 Kxf6 29. Rh3 Bd7 30. Rd3 Be6 31. f3 Bc4 32. Rdd1 g5 33. Kf2 h5
34. g3 g4 35. gxf4 exf4 36. Rd4 Rxd4 37. cxd4 Rd8 38. Re4 Kg5 39. Re5+ Kh4 40.
Re1 Rf8 41. Ne2 Bxe2 42. Rxe2 Kh3 43. d5 g3+ 44. Kg1 Rc8 0-1

[Event "4e Ouest Toulousain A"]
[Site "Tournefeuille"]
[Date "2009.02.17"]
[Round "2.6"]
[White "Touzane, Olivier"]
[Black "Forgues, Valerie"]
[Result "1-0"]
[WhiteElo "2293"]
[BlackElo "2011"]
[PlyCount "77"]
[EventDate "2009.??.??"]

1. d4 Nf6 2. Nf3 e6 3. g3 d5 4. Bg2 Nbd7 5. O-O Be7 6. c4 O-O 7. Qc2 c5 8. Rd1
Qb6 9. cxd5 Nxd5 10. Nc3 N5f6 11. Na4 Qb5 12. h3 cxd4 13. Nxd4 Qa5 14. Bd2 Bb4
15. Bxb4 Qxb4 16. a3 Qe7 17. Rac1 Ne5 18. Qc7 Qxc7 19. Rxc7 Rb8 20. f4 Ng6 21.
Nb5 a6 22. Nd6 b5 23. Nc3 Bd7 24. b4 Rfd8 25. Nb7 Rdc8 26. Rxc8+ Rxc8 27. Nc5
Rc7 28. N3e4 Nd5 29. Nxd7 Rxd7 30. Nc5 Ra7 31. Bxd5 exd5 32. Rxd5 h6 33. Rd8+
Kh7 34. Rd7 Rxd7 35. Nxd7 Ne7 36. Nc5 Nd5 37. Nxa6 Nc3 38. Nc7 Kg6 39. Kf2 1-0

[Event "4e Ouest Toulousain A"]
[Site "Tournefeuille"]
[Date "2009.02.17"]
[Round "2.7"]
[White "Primel, Dominique"]
[Black "Briscoe, Chris"]
[Result "0-1"]
[WhiteElo "1980"]
[BlackElo "2268"]
[PlyCount "30"]
[EventDate "2009.??.??"]

1. Nf3 Nf6 2. c4 b6 3. g3 Ba6 4. Qc2 c5 5. Bg2 Nc6 6. O-O g6 7. d3 Bg7 8. Nc3
O-O 9. a3 d5 10. cxd5 Nxd5 11. Bd2 Bb7 12. Nxd5 Qxd5 13. Bc3 e5 14. Nxe5 Qxg2+
15. Kxg2 Nd4+ 0-1

[Event "4e Ouest Toulousain A"]
[Site "Tournefeuille"]
[Date "2009.02.17"]
[Round "2.8"]
[White "Boukhris-Ferre, Yacine"]
[Black "Sanchez, Nicolas"]
[Result "0-1"]
[WhiteElo "1935"]
[BlackElo "2255"]
[PlyCount "59"]
[EventDate "2009.??.??"]

1. e4 g6 2. d4 Bg7 3. Nc3 d6 4. Be3 a6 5. a4 b6 6. Bc4 e6 7. f4 Ne7 8. Nf3 d5
9. Bd3 dxe4 10. Nxe4 Bb7 11. Ne5 O-O 12. c3 Nd7 13. O-O f6 14. Nf3 Nd5 15. Bd2
Qe7 16. Qe1 c5 17. Qh4 cxd4 18. cxd4 Rfc8 19. Rae1 Nf8 20. f5 gxf5 21. Ng3 Qf7
22. Nh5 Ng6 23. Qg3 Bf8 24. Nh4 Re8 25. Nxf5 exf5 26. Bxf5 Kh8 27. Qh3 Rxe1 28.
Bxe1 Re8 29. g4 Re3 30. Qh4 0-1

[Event "4e Ouest Toulousain A"]
[Site "Tournefeuille"]
[Date "2009.02.17"]
[Round "2.9"]
[White "Vilaisarn, Akkhavanh"]
[Black "Muratet, Lucas"]
[Result "1-0"]
[WhiteElo "2253"]
[BlackElo "1981"]
[PlyCount "87"]
[EventDate "2009.??.??"]

1. d4 Nf6 2. Nf3 c5 3. e3 g6 4. Be2 Bg7 5. O-O O-O 6. dxc5 Qa5 7. a3 Qxc5 8. b4
Qc7 9. Bb2 d5 10. Be5 Qb6 11. c4 dxc4 12. Bxc4 a5 13. b5 Be6 14. Bd4 Qd6 15.
Nbd2 Nbd7 16. Qe2 Rac8 17. Rfd1 Nb6 18. Bxe6 Qxe6 19. Ng5 Qf5 20. Bxb6 Qxg5 21.
Bxa5 Nd5 22. Rab1 Qh4 23. Nf3 Qa4 24. Rxd5 Qxa5 25. g3 Qxa3 26. Kg2 Rfd8 27.
Rxd8+ Rxd8 28. Rd1 Qa5 29. Rxd8+ Qxd8 30. Qc4 Bf6 31. h4 h5 32. Qc5 Kg7 33. e4
e6 34. b6 Qa8 35. e5 Bd8 36. Qd6 Qc8 37. Nd4 Kg8 38. Nb5 Kg7 39. Nc7 g5 40.
hxg5 Bxg5 41. f4 Bd8 42. f5 exf5 43. e6 h4 44. e7 1-0

[Event "4e Ouest Toulousain A"]
[Site "Tournefeuille"]
[Date "2009.02.17"]
[Round "2.10"]
[White "Arcusa, Michel"]
[Black "Humeau, Cyril"]
[Result "0-1"]
[WhiteElo "1903"]
[BlackElo "2203"]
[PlyCount "84"]
[EventDate "2009.??.??"]

1. Nf3 d5 2. c4 dxc4 3. e3 Nf6 4. Bxc4 e6 5. O-O a6 6. Qc2 c5 7. d4 b5 8. Be2
Nbd7 9. a4 b4 10. Rd1 Bb7 11. Nbd2 Rc8 12. Nc4 Qc7 13. b3 Be7 14. Bb2 O-O 15.
Rac1 Rfd8 16. Nfd2 h6 17. Bf3 Bxf3 18. Nxf3 cxd4 19. Bxd4 Nd5 20. Qb2 Bf6 21.
Bxf6 N7xf6 22. Qe5 Qe7 23. Qb2 Ne4 24. Nfd2 Nec3 25. Re1 e5 26. Nf3 f6 27. h3
Qe6 28. Kh2 Rc7 29. Kg1 Rcd7 30. Kh2 Nb6 31. Nxb6 Qxb6 32. Kg1 Rd3 33. Kh2 Qe6
34. Qc2 R8d6 35. Kh1 Ne4 36. Qb2 Qxb3 37. Rc8+ Kh7 38. Qxb3 Rxb3 39. Kg1 Ra3
40. Rb8 Rxa4 41. Rc1 Nc3 42. Nh4 Ne2+ 0-1

[Event "4e Ouest Toulousain B"]
[Site "Tournefeuille"]
[Date "2009.02.17"]
[Round "2.1"]
[White "Richard, Michel"]
[Black "Garcia Del Prado, Bruno"]
[Result "0-1"]
[WhiteElo "1590"]
[BlackElo "1680"]
[PlyCount "92"]
[EventDate "2009.??.??"]

1. d4 Nf6 2. c4 g6 3. Nc3 Bg7 4. Bg5 O-O 5. Nf3 d6 6. e4 c5 7. d5 Qa5 8. Bd2
Bg4 9. Qb3 Qc7 10. Be2 Nbd7 11. h3 Bxf3 12. gxf3 a6 13. a4 Rfe8 14. f4 e6 15.
Bf3 exd5 16. cxd5 c4 17. Qc2 Nc5 18. O-O Nb3 19. Rae1 Qd7 20. e5 dxe5 21. fxe5
Nh5 22. Bg4 Qd8 23. e6 fxe6 24. Rxe6 Rxe6 25. Bxe6+ Kh8 26. Be3 Nd4 27. Bxd4
Bxd4 28. Ne4 Qh4 29. Bg4 Nf4 30. Qxc4 Nxh3+ 31. Bxh3 Qxe4 32. Qc1 Qxd5 33. Bg2
Qb3 34. Qc7 Qxb2 35. Qxb7 Qxb7 36. Bxb7 Ra7 37. Rb1 a5 38. Kg2 Bc5 39. Kf3 Bb4
40. Bc6 Kg7 41. Kg4 Kf6 42. f4 Rc7 43. Bd5 Rc3 44. Ra1 h5+ 45. Kh4 Kf5 46. Bf7
Be7# 0-1

[Event "4e Ouest Toulousain B"]
[Site "Tournefeuille"]
[Date "2009.02.17"]
[Round "2.3"]
[White "Dahbi, Ahmed"]
[Black "Finkel, Julie"]
[Result "0-1"]
[WhiteElo "1580"]
[BlackElo "1620"]
[PlyCount "62"]
[EventDate "2009.??.??"]

1. d4 g6 2. Nf3 Bg7 3. c4 d6 4. Nc3 Nd7 5. e4 e5 6. Be2 Ne7 7. Be3 O-O 8. O-O
f5 9. Bg5 h6 10. Be3 g5 11. d5 f4 12. Bd2 Kh8 13. Ne1 Nf6 14. Rc1 Rg8 15. b4
Bf8 16. c5 g4 17. Kh1 a6 18. a4 Qe8 19. cxd6 cxd6 20. Qc2 Qg6 21. Rg1 h5 22.
Bd3 h4 23. b5 g3 24. f3 gxh2 25. Rf1 h3 26. Rf2 Qg3 27. Nd1 Qh4 28. Bf1 Nh5 29.
Bb4 Ng3+ 30. Kxh2 hxg2+ 31. Kxg2 Qh1# 0-1

[Event "4e Ouest Toulousain A"]
[Site "Tournefeuille"]
[Date "2009.02.17"]
[Round "3.1"]
[White "Fedorchuk, Sergey A"]
[Black "Sanchez, Nicolas"]
[Result "1-0"]
[WhiteElo "2633"]
[BlackElo "2255"]
[PlyCount "75"]
[EventDate "2009.??.??"]

1. e4 c5 2. Nf3 d6 3. d4 cxd4 4. Nxd4 Nf6 5. Nc3 a6 6. Be3 e5 7. Nf3 Qc7 8. a4
Be7 9. a5 Nbd7 10. Nd2 b5 11. axb6 Nxb6 12. Bxb6 Qxb6 13. Nc4 Qb8 14. Bd3 O-O
15. O-O Be6 16. b3 Bd8 17. Ra4 Bd7 18. Ra2 Bb6 19. Nxb6 Qxb6 20. Qe2 Rfc8 21.
Na4 Qb7 22. Nb2 Bb5 23. Re1 Nd7 24. Nc4 Qc7 25. Ne3 Bxd3 26. Qxd3 Nc5 27. Qd1
Ne6 28. Nd5 Qb7 29. h3 Kf8 30. Ra4 a5 31. Qd2 Nd4 32. Ra2 Qb5 33. Kh2 a4 34.
bxa4 Rxa4 35. Nc3 Rxa2 36. Nxb5 Rcxc2 37. Qb4 Nf3+ 38. Kg3 1-0

[Event "4e Ouest Toulousain A"]
[Site "Tournefeuille"]
[Date "2009.02.18"]
[Round "3.2"]
[White "Humeau, Cyril"]
[Black "Petrov, Marijan"]
[Result "0-1"]
[WhiteElo "2203"]
[BlackElo "2477"]
[PlyCount "108"]
[EventDate "2009.??.??"]

1. e4 c5 2. Nf3 Nf6 3. e5 Nd5 4. c3 d6 5. Bc4 Nb6 6. Bb3 Bf5 7. exd6 Qxd6 8. d4
e6 9. O-O Be7 10. dxc5 Qxd1 11. Rxd1 Bxc5 12. Be3 N8d7 13. Nbd2 Bxe3 14. fxe3
Ke7 15. Nc4 Nc5 16. Nd6 Bg6 17. Ne5 Rhd8 18. Nxg6+ hxg6 19. Nb5 a6 20. Nd4 Nba4
21. Rab1 e5 22. Nf3 f6 23. Kf1 g5 24. h3 b5 25. Ke2 a5 26. Bc2 Rxd1 27. Kxd1
Rd8+ 28. Ke2 Nb6 29. Nd2 a4 30. Ne4 Nc4 31. Rd1 Rxd1 32. Kxd1 Nxe4 33. Bxe4
Nxe3+ 34. Ke2 Nc4 35. Bc6 Nd6 36. Kd3 f5 37. Ke2 Kd8 38. Kd3 Kc7 39. Bd5 Kb6
40. b3 Kc5 41. Be6 axb3 42. axb3 e4+ 43. Ke2 b4 44. cxb4+ Kxb4 45. Kd2 f4 46.
Bg8 Nf5 47. Bd5 Ng3 48. Be6 Nf1+ 49. Ke2 Ne3 50. Kf2 Kc3 51. g3 Nd1+ 52. Ke1
Nb2 53. h4 Nd3+ 54. Ke2 fxg3 0-1

[Event "4e Ouest Toulousain A"]
[Site "Tournefeuille"]
[Date "2009.02.18"]
[Round "3.3"]
[White "Drenchev, Petar"]
[Black "Vilaisarn, Akkhavanh"]
[Result "1/2-1/2"]
[WhiteElo "2458"]
[BlackElo "2253"]
[PlyCount "87"]
[EventDate "2009.??.??"]

1. d4 d5 2. c4 c6 3. Nf3 Nf6 4. e3 e6 5. Nc3 Bd6 6. Qc2 Nbd7 7. g4 dxc4 8. g5
Nd5 9. Bxc4 Qe7 10. Bd2 Nxc3 11. Bxc3 e5 12. O-O-O e4 13. Ne5 Nxe5 14. dxe5
Bxe5 15. Qxe4 Bxc3 16. Qxe7+ Kxe7 17. bxc3 Be6 18. Bxe6 fxe6 19. Rd4 Rad8 20.
Rhd1 Rd5 21. h4 Rhd8 22. Kc2 e5 23. Rxd5 Rxd5 24. Rb1 Rd7 25. Rb4 Ke6 26. f4
exf4 27. Rxf4 Rf7 28. Re4+ Kd7 29. Kd3 Rf2 30. a4 b5 31. axb5 cxb5 32. Re5 a6
33. Rd5+ Ke7 34. c4 bxc4+ 35. Kxc4 Rh2 36. Rd4 Rb2 37. Kd3 Rb6 38. Ra4 h6 39.
Ke4 hxg5 40. hxg5 Rb5 41. Rxa6 Rxg5 42. Kf4 Rd5 43. e4 Rd6 44. Rxd6 1/2-1/2

[Event "4e Ouest Toulousain A"]
[Site "Tournefeuille"]
[Date "2009.02.18"]
[Round "3.4"]
[White "Lacroix, Romain"]
[Black "Fargere, Francois"]
[Result "0-1"]
[WhiteElo "2163"]
[BlackElo "2444"]
[PlyCount "58"]
[EventDate "2009.??.??"]

1. e4 c5 2. Nc3 a6 3. g3 b5 4. Bg2 Bb7 5. Nh3 b4 6. Ne2 d5 7. e5 e6 8. d4 Nc6
9. c3 Nge7 10. O-O Nf5 11. g4 Nh4 12. Ng3 Qb6 13. Be3 Nxg2 14. Kxg2 Nxe5 15.
dxe5 d4+ 16. f3 dxe3 17. Qd3 Be7 18. Ne4 Rd8 19. Qxe3 Qc7 20. f4 Qc6 21. Nhf2
bxc3 22. bxc3 f5 23. exf6 gxf6 24. Kg3 f5 25. Ng5 Qg2+ 26. Kh4 h6 27. Kh5 hxg5+
28. Kg6 Rg8+ 29. Kh7 Kf7 0-1

[Event "4e Ouest Toulousain A"]
[Site "Tournefeuille"]
[Date "2009.02.18"]
[Round "3.5"]
[White "Robin, Samy"]
[Black "Zarrouati, Pierre"]
[Result "0-1"]
[WhiteElo "2369"]
[BlackElo "2193"]
[PlyCount "70"]
[EventDate "2009.??.??"]

1. e4 e5 2. Nf3 Nc6 3. Bb5 a6 4. Bxc6 dxc6 5. d4 exd4 6. Qxd4 Bg4 7. Nbd2 Qxd4
8. Nxd4 O-O-O 9. N4b3 c5 10. O-O Nf6 11. Re1 b6 12. a4 a5 13. f4 g6 14. f5 Re8
15. Kf1 gxf5 16. h3 Bh5 17. exf5 Bd6 18. g4 Rxe1+ 19. Kxe1 Nxg4 20. hxg4 Bxg4
21. Nf1 Re8+ 22. Ne3 Bxf5 23. Kf2 Bg6 24. Bd2 h5 25. Rh1 Re4 26. c4 h4 27. Nc1
Bg3+ 28. Kg1 f5 29. Ne2 f4 30. Nxg3 hxg3 31. Nd5 f3 32. Rh3 f2+ 33. Kg2 Re1 34.
Ne3 Be4+ 35. Kxg3 Rxe3+ 0-1

[Event "4e Ouest Toulousain A"]
[Site "Tournefeuille"]
[Date "2009.02.18"]
[Round "3.6"]
[White "Epure, Catalin Alexandru"]
[Black "Touzane, Olivier"]
[Result "1-0"]
[WhiteElo "2145"]
[BlackElo "2293"]
[PlyCount "85"]
[EventDate "2009.??.??"]

1. e4 e6 2. d4 d5 3. Nc3 Bb4 4. Nge2 dxe4 5. a3 Be7 6. Nxe4 Nf6 7. Qd3 Nbd7 8.
N2c3 O-O 9. Bf4 c5 10. O-O-O cxd4 11. Qxd4 Qa5 12. Bd6 Bxd6 13. Nxd6 Qe5 14.
Qh4 g5 15. Qh3 Nc5 16. Kb1 Rd8 17. Nc4 Rxd1+ 18. Nxd1 Qe1 19. Qf3 Nce4 20. Kc1
b5 21. Bd3 Qxh1 22. Bxe4 Kg7 23. Bxa8 bxc4 24. Qg3 h6 25. Qe5 Ba6 26. h3 Qf1
27. Bf3 Kg6 28. Kd2 Bc8 29. a4 a6 30. Be4+ Kg7 31. Bc6 a5 32. Qxa5 Bd7 33. Bf3
e5 34. Qxe5 Bxa4 35. Qd4 Bd7 36. Be4 Be6 37. Nc3 Qa1 38. Ne2 Qa5+ 39. c3 Qa1
40. Ng3 Qxb2+ 41. Bc2 Qb7 42. Nh5+ Kf8 43. Qxf6 1-0